| 000 | 01607nam a2200289Ia 4500 | ||
|---|---|---|---|
| 005 | 20240530104659.0 | ||
| 008 | 140319s1967 xx 000 0 ara d | ||
| 040 |
_aGCL / _cGCL |
||
| 082 | 0 | 4 |
_a551.483 / _bو ا |
| 100 | 1 | _aواينجارتن ، فيوليت | |
| 245 | 1 | 0 |
_aاشهر انهار العالم من 1 - 5 / _cتاليف واينجارتن ، فيوليت ؛ مترجم فؤاد اسكندر ؛ مراجع عزالدين فريد |
| 260 |
_aالقاهرة : _bمؤسسة فرانكين للطباعة والنشر ، _c1967 |
||
| 260 |
_aالقاهرة : _bمؤسسة الحلبى وشركاه للنشر والتوزيع ، _c1967 |
||
| 300 |
_aمتعدد ؛ _c24 سم |
||
| 490 |
_aاشهر انهار العالم _v( 1 - 5 ) |
||
| 500 | _aسلسلة من 1 - 5 1- السلسلة الاولى النيل شريان الحياة فى مصر 2 - السلسلة الثانية اليانج تسى الطريق الرئيسى الى قلب الصين 3 - السلسلة الثالثة نهر المسببسيى عملاق فى مسيرته 4 - السلسلة الرابعة الكونغو يشق اواسط افريقيا 5 - السلسلة الخامسة الهدسون نهر له تاريخ | ||
| 650 | 0 | 4 | _aنهر النيل |
| 650 | 0 | 4 | _aالانهار |
| 650 | 0 | 4 | _aنهر يانج تسى |
| 650 | 0 | 4 | _aنهر المسيسبى |
| 650 | 0 | 4 | _aنهر الكونغو |
| 650 | 0 | 4 | _aنهر هدسون |
| 700 | 1 |
_aفؤاد اسكندر _eمترجم |
|
| 700 | 1 |
_aعزالدين فريد _eمراجع |
|
| 942 |
_2ddc _cBK |
||
| 999 |
_c49785 _d49785 |
||